00739nam a2200217Ia 4500003000400000008004100004020002700045040000800072100002300080245009700103250001600200260002400216300001400240365001200254901002200266902004300288903005800331942001200389952010100401999001900502LDD181029s9999 xx 000 0 und d a9781844670864cP 12.99 cLDD aAnderson, Benedict 0aImagined Communitiesbreflections on the origin and spread of cationalismcBenedict Anderson aNew Edition aLondonbVersoc2006 axv, 240p. bP 12.99 a13266b08-02-2016 aINDEX/IGNOU/130b15-02-2016cFdIIe42 aDiscount-50bReqst by : Parmod Kumar  2ddccBK 00102ddc40709116747aLDDbLDDl0o320.54 An224Ip100083r2018-11-01v1286.01w2018-11-01yBK c116748d116748